[Event "WYCC U16 Open 2013"]
[Site "Al-Ain UAE"]
[Date "2013.12.24"]
[Round "8.26"]
[White "Basso, Pier Luigi"]
[Black "Kumsiashvili, Nikoloz"]
[Result "0-1"]
[WhiteElo "2303"]
[BlackElo "2126"]
[WhiteFideId "866970"]
[BlackFideId "13600621"]
[EventDate "2013.12.18"]

1. d4 Nf6 2. c4 e6 3. Nc3 Bb4 4. e3 c5 5. Nf3 O-O 6. Bd3 Bxc3+ 7. bxc3 d6 8. O-O
Nc6 9. Qc2 e5 10. dxc5 dxc5 11. Ng5 g6 12. Ne4 Nd7 13. Nd6 f5 14. f3 Nb6 15.
Nxc8 Qxc8 16. Rb1 Nd7 17. g3 b6 18. h3 Nf6 19. Kg2 Qc7 20. Be2 Rad8 21. g4 e4
22. f4 Qd7 23. g5 Ne8 24. Rd1 Qe6 25. Rxd8 Nxd8 26. Bb2 Nc6 27. h4 Nc7 28. h5
Rd8 29. Rh1 Qd7 30. Bc1 Kg7 31. Re1 Na5 32. Bf1 Qf7 33. a4 Nxc4 34. Qe2 Rd3 35.
Rd1 Qd5 36. Re1 Nd2 37. c4 Qd7 38. Qf2 Nf3 39. hxg6 hxg6 40. Be2 Nxe1+ 41. Qxe1
Rd6 42. Bb2+ Kg8 43. Qc3 Qh7 44. Kg3 Kf8 45. Kg2 a5 46. Ba1 Ke8 47. Qe1 Kd8 48.
Be5 Rc6 49. Qb1 Kc8 50. Qd1 Qd7 51. Qh1 Kb7 52. Qh8 Re6 53. Bf6 Qxa4 54. Kf2 Qe8
55. Qh1 Rd6 56. Be5 Rd7 57. Qa1 Qa8 58. Qa4 Rh7 59. Kg2 Qe8 60. Qd1 Qd7 61. Qc1
a4 62. Qc2 Rh4 63. Bf6 Qh7 64. Qxa4 Rh2+ 65. Kg1 Rxe2 66. Bc3 Qh4 0-1

[Event "WYCC U16 Open 2013"]
[Site "Al-Ain UAE"]
[Date "2013.12.24"]
[Round "8.27"]
[White "Sokac, Marko"]
[Black "Lamard, Guillaume"]
[Result "0-1"]
[BlackTitle "FM"]
[WhiteElo "2038"]
[BlackElo "2288"]
[WhiteFideId "14531356"]
[BlackFideId "600261"]
[EventDate "2013.12.18"]

1. e4 e5 2. Nf3 Nc6 3. Bb5 a6 4. Ba4 Nf6 5. O-O Be7 6. Re1 b5 7. Bb3 d6 8. c3
O-O 9. d4 Bg4 10. d5 Na5 11. Bc2 c6 12. h3 Bc8 13. dxc6 Qc7 14. Nbd2 Qxc6 15. a4
Be6 16. Ng5 Bd7 17. Nf1 h6 18. Nf3 Be6 19. Ng3 Rfe8 20. Nh4 Bf8 21. Ngf5 d5 22.
Re3 dxe4 23. Rg3 Kh7 24. Qe2 Nc4 25. b3 Nd6 26. Nxd6 Bxd6 27. Bd2 g6 28. Rd1 Bf8
29. Re3 Bg7 30. f3 Nd5 31. Bxe4 f5 32. Bc2 Bf6 33. Be1 Nxe3 34. Qxe3 Rac8 35. g4
Bxh4 36. Bxh4 Qxc3 37. Bd3 Qc5 38. Bf2 Qxe3 39. Bxe3 0-1

[Event "WYCC U16 Open 2013"]
[Site "Al-Ain UAE"]
[Date "2013.12.24"]
[Round "8.28"]
[White "Valkama, Eero"]
[Black "Juhasz, Armin"]
[Result "1/2-1/2"]
[WhiteElo "1960"]
[BlackElo "2272"]
[WhiteFideId "507555"]
[BlackFideId "724270"]
[EventDate "2013.12.18"]

1. e4 c5 2. Nf3 g6 3. d4 Bg7 4. dxc5 Qa5+ 5. Bd2 Qxc5 6. Bc3 Nf6 7. Bd4 Qa5+ 8.
Bc3 Qb6 9. Bd3 d6 10. O-O O-O 11. Nbd2 Nc6 12. Re1 Ng4 13. Qe2 Bxc3 14. bxc3 Qa5
15. c4 Nge5 16. Nb3 Qc3 17. Nxe5 dxe5 18. Red1 Be6 19. Qd2 Qxd2 20. Rxd2 Rfd8
21. Rad1 Rac8 22. Nc5 b6 23. Nxe6 fxe6 24. c5 bxc5 25. Bc4 Kf7 26. Rxd8 Rxd8 27.
Rxd8 Nxd8 28. f3 Nb7 29. Kf2 Nd6 30. Bb3 g5 31. g4 h6 32. Ke3 Ke8 33. c4 Kd8 34.
Kd3 Kc7 35. Ba4 Kd8 36. Kc3 Nf7 37. Bd1 Nh8 38. Kb3 Kc7 39. Ka4 Kb6 40. Ka3 Ka5
41. Be2 Ng6 42. Kb3 Nh4 43. Bd1 Ng2 44. Be2 Ne3 45. Bd3 Ng2 46. Bf1 Nh4 47. Be2
Ng6 48. Ka3 Nf8 49. Bd1 Nd7 50. Bc2 Nb6 51. Kb3 Na8 52. Ka3 Nc7 53. Kb3 Na6 54.
a3 Nb8 55. Kc3 Nc6 56. Bb3 Nd8 57. Bd1 Nf7 58. Kb3 Nh8 59. Be2 Ng6 60. Bd3 Nh4
61. Be2 Ng2 62. Bd1 Nf4 63. Kc3 Ng6 64. Kb3 Nf8 65. Kc3 Nd7 66. Kb3 Nb8 67. Kc3
Nc6 68. Kb3 Nd4+ 69. Kc3 Kb6 70. Kd3 Kc7 71. Ke3 Kd7 72. Ba4+ Kd8 73. Kf2 Kc8
74. Ke3 Kc7 75. Bd1 Nc6 76. Ba4 Na5 77. Kd3 Nc6 78. Bxc6 Kxc6 79. Kc3 1/2-1/2

[Event "WYCC U16 Open 2013"]
[Site "Al-Ain UAE"]
[Date "2013.12.24"]
[Round "8.29"]
[White "Asgarizadeh, Ahmad"]
[Black "Micottis, Dorian"]
[Result "1-0"]
[WhiteElo "2267"]
[BlackElo "2097"]
[WhiteFideId "12505684"]
[BlackFideId "26021986"]
[EventDate "2013.12.18"]

1. e4 c5 2. Nf3 e6 3. d4 cxd4 4. Nxd4 a6 5. Nc3 Qc7 6. Be2 Bb4 7. O-O Nf6 8. Qd3
O-O 9. Bg5 Nc6 10. Nxc6 bxc6 11. Bxf6 gxf6 12. Na4 Rb8 13. c4 Be7 14. Rad1 c5
15. f4 Kh8 16. Bh5 d6 17. b3 Qd8 18. Qe3 Qe8 19. f5 e5 20. Nc3 Bb7 21. Be2 Rg8
22. g4 Qf8 23. Kf2 Qg7 24. Rg1 Qg5 25. Qg3 h5 26. gxh5 Qh6 27. Qe3 Qxe3+ 28.
Kxe3 Rxg1 29. Rxg1 Rg8 30. Rxg8+ Kxg8 31. Nd5 Bd8 32. a3 a5 33. Nc3 Kg7 34. Nd5
Kh6 35. Kd3 Kg5 36. Kc3 Bc6 37. b4 axb4+ 38. axb4 cxb4+ 39. Kxb4 Kh6 40. Bf3 Kg5
41. Bd1 Kh6 42. Ba4 Bxa4 43. Kxa4 Kxh5 44. Kb5 Kg4 45. h4 Kxh4 46. Kc6 Kg4 47.
Kxd6 Kf3 48. Kd7 Ba5 49. Nxf6 Bb4 50. Ke8 Ba3 51. Kxf7 Ke3 52. Ke6 Kd4 53. Nd7
Kxe4 54. c5 Bb4 55. f6 1-0

[Event "WYCC U16 Open 2013"]
[Site "Al-Ain UAE"]
[Date "2013.12.24"]
[Round "8.30"]
[White "Kalra, Agastya"]
[Black "Reshef, Omer"]
[Result "1/2-1/2"]
[WhiteElo "1956"]
[BlackElo "2253"]
[WhiteFideId "2604744"]
[BlackFideId "2804336"]
[EventDate "2013.12.18"]

1. e4 c5 2. Nf3 d6 3. d4 cxd4 4. Nxd4 Nf6 5. Nc3 g6 6. Be3 Bg7 7. f3 O-O 8. Qd2
Nc6 9. g4 Nxd4 10. Bxd4 Be6 11. h4 Qa5 12. h5 Rac8 13. a3 Bc4 14. h6 Bh8 15. g5
Nd7 16. Bxh8 Kxh8 17. O-O-O Bxf1 18. Rhxf1 Ne5 19. Nd5 Qxd2+ 20. Rxd2 Rfe8 21.
b3 Nd7 22. Kb2 Nb6 23. Nxb6 axb6 24. Rd5 Rc5 25. Rfd1 Kg8 26. R1d4 Rec8 27. c4
Kf8 28. e5 Rxd5 29. Rxd5 dxe5 30. Rxe5 Rc6 31. Kc3 Ke8 32. Kd4 f6 33. gxf6 Rxf6
34. Ke4 g5 35. Rxg5 Rxh6 36. b4 Kd7 37. a4 1/2-1/2

[Event "WYCC U16 Open 2013"]
[Site "Al-Ain UAE"]
[Date "2013.12.24"]
[Round "8.32"]
[White "Mousavi, Seyed Khalil"]
[Black "Horton, Andrew P"]
[Result "1-0"]
[WhiteTitle "FM"]
[WhiteElo "2238"]
[BlackElo "2086"]
[WhiteFideId "12511099"]
[BlackFideId "424269"]
[EventDate "2013.12.18"]

1. d4 Nf6 2. c4 e6 3. Nf3 Bb4+ 4. Bd2 Qe7 5. g3 Nc6 6. Bg2 Bxd2+ 7. Nbxd2 O-O 8.
O-O d6 9. a3 a5 10. Qc2 e5 11. d5 Nb8 12. Nh4 Na6 13. Rab1 Bd7 14. b4 Ne8 15.
Nf5 Qf6 16. e4 c6 17. dxc6 bxc6 18. c5 axb4 19. axb4 Rb8 20. Qa4 Nac7 21. Nc4
Nb5 22. Nb6 Bxf5 23. exf5 Qxf5 24. Bxc6 Nc3 25. Qa7 Nf6 26. Rbe1 dxc5 27. bxc5
e4 28. Nd7 Nxd7 29. Bxd7 Qh5 30. c6 Ne2+ 31. Rxe2 Qxe2 32. c7 Ra8 33. Qc5 e3 34.
c8=Q Rfxc8 35. Bxc8 exf2+ 36. Rxf2 Ra1+ 37. Kg2 Qe4+ 38. Kh3 g6 39. Bg4 Re1 40.
Bf3 Qe6+ 41. Kg2 Re5 42. Qd4 Qe7 43. Bd5 Rf5 44. Rxf5 gxf5 45. Kf3 Qe1 46. Kf4
Qf1+ 47. Kg5 Qh3 48. Qh4 h6+ 49. Kh5 Qf1 50. g4 fxg4 51. Qxg4+ Kf8 52. Kxh6 Qc1+
53. Kh5 Qc2 54. h3 Qh7+ 55. Kg5 Qg6+ 56. Kf4 Qf6+ 57. Ke4 Qe7+ 58. Kd3 Qa3+ 59.
Kc2 Qc5+ 60. Bc4 Qf2+ 61. Kd1 Qf6 62. Qe4 Qd6+ 63. Bd3 Qf6 64. h4 Qa1+ 65. Bb1
Qa5 66. Qf4 Qd8+ 67. Ke2 Qb6 68. Bd3 Qe6+ 69. Kf2 Qb6+ 70. Kg2 Qe6 71. Qd4 Qa2+
72. Kg3 Qe6 73. h5 Qe1+ 74. Kg4 Qe6+ 75. Bf5 Qh6 76. Kh4 Kg8 77. Bd3 Kf8 78. Bc4
Kg8 79. Qg4+ Kf8 80. Qf5 Qg7 81. Qc8+ Ke7 82. Qc7+ Kf6 83. Qd6+ Kf5 84. Bd3# 1-0

[Event "WYCC U16 Open 2013"]
[Site "Al-Ain UAE"]
[Date "2013.12.24"]
[Round "8.33"]
[White "Dixit, Kumar"]
[Black "Hua, David A"]
[Result "0-1"]
[WhiteElo "1951"]
[BlackElo "2229"]
[WhiteFideId "421103"]
[BlackFideId "2030047"]
[EventDate "2013.12.18"]

1. d4 Nf6 2. Nf3 e6 3. c4 c5 4. d5 b5 5. Bg5 exd5 6. cxd5 d6 7. e4 a6 8. Nbd2
Be7 9. a4 Nxd5 10. Bxe7 Qxe7 11. axb5 O-O 12. Bc4 Nf4 13. O-O Bb7 14. bxa6 Nxa6
15. Qb3 Nb4 16. Rxa8 Bxa8 17. Qe3 Ne6 18. Bb3 Rd8 19. Nc4 d5 20. exd5 Nxd5 21.
Qe5 Ndf4 22. Ncd2 Qb7 23. Bxe6 Nxe6 24. Qc3 Qb5 25. Ra1 Bd5 26. Re1 Rb8 27. Qe5
Bxf3 28. Nxf3 Qxb2 29. Qxb2 Rxb2 30. Ng5 Rb6 31. Nxe6 Rxe6 32. Ra1 g6 33. Kf1
Kg7 34. Ra5 Re5 35. Ra7 Kf6 36. Rc7 Ke6 37. h4 h5 38. g3 Rf5 39. Ke2 Kd5 40. Ke3
Kc4 41. Rb7 Kc3 42. f4 Rf6 43. Rc7 Kc4 44. Ke4 Re6+ 45. Kf3 f5 46. Rc8 Kb4 47.
Rb8+ Kc3 48. Rb1 c4 49. Rb5 Kd3 50. Rd5+ Kc2 51. Rc5 c3 52. Re5 Rxe5 53. fxe5
Kd3 0-1

[Event "WYCC U16 Open 2013"]
[Site "Al-Ain UAE"]
[Date "2013.12.24"]
[Round "8.34"]
[White "Bellahcene, Bilel"]
[Black "Todorovic, Nenad I"]
[Result "1-0"]
[WhiteTitle "FM"]
[WhiteElo "2311"]
[BlackElo "2125"]
[WhiteFideId "696358"]
[BlackFideId "912832"]
[EventDate "2013.12.18"]

1. e4 d6 2. d4 Nf6 3. Nc3 e5 4. Nf3 Nbd7 5. Bc4 Be7 6. O-O O-O 7. Re1 c6 8. a4
exd4 9. Nxd4 Ne5 10. Be2 Re8 11. f4 Ng6 12. g3 Bf8 13. Bf3 Bd7 14. Be3 a6 15. a5
c5 16. Nb3 Bc6 17. Bf2 Rb8 18. Qd3 Qc8 19. Nd2 Ng4 20. Nc4 Nxf2 21. Kxf2 Qh3 22.
Bg2 Qh6 23. Ne3 Ne7 24. Rad1 Rbd8 25. h4 Qe6 26. Bf3 g6 27. f5 Qf6 28. Ng4 Qh8
29. h5 gxh5 30. Ne3 Bg7 31. Ne2 Be5 32. Nf4 h4 33. Rg1 Kf8 34. Nh5 hxg3+ 35. Kg2
Ng8 36. c3 Nf6 37. Rh1 Bb5 38. c4 Ba4 39. b3 Bc6 40. Rh4 Bd4 41. Nxf6 Bxf6 42.
Rh5 h6 43. Ng4 Bg5 44. f6 Qh7 45. Rdh1 Qg6 46. Nxh6 Bxf6 47. Nf5 Qg8 48. R1h3
Be5 49. Qe3 Re6 50. b4 cxb4 51. Qb6 Ke8 52. R3h4 Kd7 53. Ne3 Rb8 54. Nd5 Bxd5
55. exd5 Rg6 56. Rh7 1-0

[Event "WYCC U16 Open 2013"]
[Site "Al-Ain UAE"]
[Date "2013.12.24"]
[Round "8.35"]
[White "Kenes, Aldiyar"]
[Black "Enkhnar, Enkhbaatar"]
[Result "1/2-1/2"]
[WhiteElo "2026"]
[BlackElo "2309"]
[WhiteFideId "13707914"]
[BlackFideId "4900324"]
[EventDate "2013.12.18"]

1. e4 c5 2. Nf3 e6 3. d4 cxd4 4. Nxd4 a6 5. Nc3 Qc7 6. g3 b5 7. Bg2 Bb7 8. O-O
d6 9. f4 b4 10. Nb1 Nf6 11. Qe2 Nc6 12. Nxc6 Qb6+ 13. Kh1 Qxc6 14. Re1 Rc8 15.
c3 Be7 16. Bd2 Qc4 17. cxb4 Qxe2 18. Rxe2 Rc2 19. Nc3 Rxb2 20. Rb1 Rxb1+ 21.
Nxb1 O-O 22. e5 Bxg2+ 23. Kxg2 Nd5 24. exd6 Bxd6 25. a3 Rc8 26. Kf3 Kf8 27. Ke4
Rc2 28. Kd3 Rb2 29. Nc3 Nc7 30. Bc1 Rxe2 31. Kxe2 Ke7 32. Ne4 f6 33. Kd3 h6 34.
Be3 Kd7 35. Nxd6 Kxd6 36. Bc5+ Kd5 37. Bf8 Ne8 38. a4 h5 39. Kc3 g5 40. fxg5
fxg5 41. b5 axb5 42. axb5 g4 43. Kb4 Nf6 44. Ka5 Nd7 45. Bh6 e5 46. b6 e4 47.
Kb5 1/2-1/2

[Event "WYCC U16 Open 2013"]
[Site "Al-Ain UAE"]
[Date "2013.12.24"]
[Round "8.36"]
[White "Huber, Martin Christian"]
[Black "Wagdy, Andro"]
[Result "1/2-1/2"]
[BlackTitle "FM"]
[WhiteElo "2290"]
[BlackElo "2109"]
[WhiteFideId "1623435"]
[BlackFideId "10604413"]
[EventDate "2013.12.18"]

1. d4 d5 2. c4 e6 3. Nc3 Nf6 4. cxd5 exd5 5. Bg5 Be7 6. e3 O-O 7. Bd3 c6 8. Qc2
Nbd7 9. Nf3 Re8 10. O-O Nf8 11. h3 Ng6 12. Bxf6 Bxf6 13. b4 Be7 14. b5 Bb4 15.
bxc6 bxc6 16. Na4 Re6 17. e4 Rf6 18. Ne5 Nxe5 19. dxe5 Rh6 20. exd5 Bxh3 21.
gxh3 Qg5+ 22. Kh2 Qf4+ 23. Kg2 Qg5+ 24. Kh2 Qf4+ 25. Kg2 Qg5+ 1/2-1/2

[Event "WYCC U16 Open 2013"]
[Site "Al-Ain UAE"]
[Date "2013.12.24"]
[Round "8.37"]
[White "Dale, Ari"]
[Black "Lekic, Lazar"]
[Result "0-1"]
[WhiteTitle "IM"]
[WhiteElo "2289"]
[BlackElo "2071"]
[WhiteFideId "3213145"]
[BlackFideId "900052"]
[EventDate "2013.12.18"]

1. d4 d5 2. c4 dxc4 3. e3 e5 4. Bxc4 exd4 5. exd4 Nf6 6. Nc3 Bd6 7. Qe2+ Qe7 8.
Qxe7+ Bxe7 9. Nf3 c6 10. O-O O-O 11. Re1 Bd6 12. Bg5 Nbd7 13. Bb3 h6 14. Bxf6
Nxf6 15. Ne5 Bf5 16. Rad1 Rad8 17. f3 Bb4 18. a3 Ba5 19. Nc4 Bxc3 20. bxc3 Nd5
21. Ne3 Nxe3 22. Rxe3 Rfe8 23. Rde1 Kf8 24. g4 Bd7 25. Kf2 Rxe3 26. Rxe3 Re8 27.
Rxe8+ Kxe8 28. Ke3 Ke7 29. Ke4 f5+ 30. gxf5 Kf6 31. Be6 Bxe6 32. fxe6 Kxe6 33.
a4 b6 34. h4 g6 35. c4 a6 36. d5+ cxd5+ 37. cxd5+ Kd6 38. f4 b5 39. a5 b4 40.
Kd4 b3 41. Kc3 Kxd5 42. Kxb3 h5 43. Kc3 Ke4 44. Kc4 Kxf4 45. Kc5 g5 46. hxg5
Kxg5 47. Kb6 h4 48. Kxa6 h3 49. Kb7 h2 50. a6 h1=Q+ 51. Kb8 Qh8+ 0-1

[Event "WYCC U16 Open 2013"]
[Site "Al-Ain UAE"]
[Date "2013.12.24"]
[Round "8.38"]
[White "Montilli, Vincenzo"]
[Black "Carneiro, Vitor Roberto Castro"]
[Result "0-1"]
[BlackTitle "CM"]
[WhiteElo "2039"]
[BlackElo "2277"]
[WhiteFideId "883913"]
[BlackFideId "2130106"]
[EventDate "2013.12.18"]

1. d4 Nf6 2. c4 g6 3. Nc3 Bg7 4. e4 d6 5. Nf3 O-O 6. h3 Nbd7 7. Bg5 e5 8. d5 h6
9. Be3 Nc5 10. Nd2 a5 11. Be2 Nh7 12. g4 f5 13. gxf5 gxf5 14. Qc2 Na6 15. exf5
Bxf5 16. Nde4 Qh4 17. a3 Ng5 18. Bxg5 hxg5 19. Bd3 Bxe4 20. Nxe4 Nc5 21. Nxc5
dxc5 22. Bf5 e4 23. Be6+ Kh8 24. O-O Bd4 25. Kg2 Rf4 26. Rae1 g4 27. Re2 Qxh3+ 0-1

[Event "WYCC U16 Open 2013"]
[Site "Al-Ain UAE"]
[Date "2013.12.24"]
[Round "8.39"]
[White "Kessler, Luca"]
[Black "Nikolov, Rumen"]
[Result "1-0"]
[WhiteElo "2249"]
[BlackElo "2023"]
[WhiteFideId "1600087"]
[BlackFideId "2911620"]
[EventDate "2013.12.18"]

1. c4 g6 2. d4 Bg7 3. e4 d6 4. Nc3 e5 5. Be3 Nc6 6. d5 Nce7 7. Nf3 f5 8. exf5
gxf5 9. Ng5 Nf6 10. f3 c6 11. Be2 b5 12. dxc6 bxc4 13. f4 h6 14. fxe5 Ng4 15.
Bxg4 hxg5 16. exd6 Nxc6 17. Qd5 Ne5 18. Qxa8 Nxg4 19. Bxg5 Qxg5 20. Qxc8+ Kf7
21. Qxc4+ Kg6 22. Qe6+ Kh5 23. Ne2 Ne3 24. h4 Nxg2+ 25. Kf2 Nxh4 26. Ng3+ Kg4
27. Qe2+ Kf4 28. Nh5+ 1-0

[Event "WYCC U16 Open 2013"]
[Site "Al-Ain UAE"]
[Date "2013.12.24"]
[Round "8.40"]
[White "Zakaryan, David"]
[Black "Liu, Zhaoqi"]
[Result "0-1"]
[WhiteElo "2196"]
[BlackElo "2061"]
[WhiteFideId "24101923"]
[BlackFideId "8609381"]
[EventDate "2013.12.18"]

1. d4 Nf6 2. c4 c5 3. d5 e6 4. Nc3 exd5 5. cxd5 d6 6. Nf3 g6 7. Bf4 Bg7 8. Qa4+
Bd7 9. Qb3 Qc7 10. e3 O-O 11. h3 Na6 12. Nd2 Nh5 13. Bh2 f5 14. Be2 Nf6 15. O-O
Rfe8 16. Nc4 Bf8 17. Bf3 Rab8 18. a4 Nb4 19. Nb5 Bxb5 20. axb5 a6 21. b6 Qd8 22.
Rae1 Qd7 23. Rd1 Rbd8 24. Qc3 Qf7 25. Nxd6 Rxd6 26. Bxd6 Bxd6 27. Rfe1 h5 28.
Qc4 Ne4 29. Bxe4 Rxe4 30. Qc3 Re5 31. Qb3 Qf6 32. f3 Qh4 33. Qa4 Re7 34. e4 Qg3
35. e5 Bxe5 36. Rxe5 Rxe5 37. Qd7 Re1+ 38. Rxe1 Qxe1+ 39. Kh2 Qe5+ 40. Kh1 Qxd5
41. Qe8+ Kg7 42. Qe7+ Qf7 43. Qe5+ Kh7 44. Qc7 Qg7 45. Qxc5 Nd3 46. Qc7 Nxb2 47.
g4 Nd3 48. Qd6 Qa1+ 49. Kg2 Qb2+ 50. Kh1 Qc1+ 51. Kg2 Qd2+ 52. Kg1 Qf2+ 53. Kh1
Qxf3+ 54. Kg1 Qe3+ 55. Kg2 Nf4+ 0-1

[Event "WYCC U16 Open 2013"]
[Site "Al-Ain UAE"]
[Date "2013.12.24"]
[Round "8.41"]
[White "Lien, Kjell Hakon"]
[Black "Chandran, Kapil"]
[Result "0-1"]
[WhiteElo "2011"]
[BlackElo "2171"]
[WhiteFideId "1510444"]
[BlackFideId "2034077"]
[EventDate "2013.12.18"]

1. d4 Nf6 2. c4 e6 3. Nf3 c5 4. d5 b5 5. dxe6 fxe6 6. cxb5 a6 7. bxa6 Bxa6 8. g3
Be7 9. Bg2 O-O 10. O-O Nc6 11. Nbd2 d5 12. Re1 c4 13. Bh3 Qd7 14. e4 d4 15. e5
Nd5 16. Ne4 d3 17. Nfg5 Nd4 18. Be3 Nxe3 19. fxe3 h6 20. exd4 Qxd4+ 21. Kh1 Bxg5
22. Qg4 Bb7 23. Bg2 Kh8 24. h4 Be3 25. Qg6 d2 26. Red1 Qxe5 0-1

[Event "WYCC U16 Open 2013"]
[Site "Al-Ain UAE"]
[Date "2013.12.24"]
[Round "8.42"]
[White "Aleksanyan, Hrant"]
[Black "Markoja, Boris"]
[Result "0-1"]
[WhiteElo "1981"]
[BlackElo "2167"]
[WhiteFideId "13306634"]
[BlackFideId "14608502"]
[EventDate "2013.12.18"]

1. d4 g6 2. Nf3 Bg7 3. g3 d6 4. Bg2 Nf6 5. O-O O-O 6. b3 c6 7. Bb2 Nbd7 8. Nbd2
d5 9. Re1 b6 10. e4 Nxe4 11. Nxe4 dxe4 12. Rxe4 Bb7 13. c4 e6 14. Re2 Qc7 15.
Qc2 Rad8 16. Rd1 Qb8 17. Ne5 Nxe5 18. dxe5 Rxd1+ 19. Qxd1 Rd8 20. Qc2 c5 21. Bc3
Bxg2 22. Kxg2 Rd7 23. Qe4 Qd8 24. f4 h5 25. h4 Rd1 26. Re1 Rd3 27. Bb2 Bf8 28.
Re3 Rd1 29. Bc3 Be7 30. Kh3 Kg7 31. Re1 Rd7 32. Re2 Rd3 33. Re3 Rd7 34. Re2 a6
35. a4 Rd1 36. Re1 Qd3 37. Qxd3 Rxd3 38. Rc1 Kf8 39. Kg2 Ke8 40. Rc2 Kf8 41. Kf2
Kg8 42. Rc1 Kg7 43. Rc2 a5 44. Be1 Rxb3 45. Rd2 Kf8 46. Rd7 Ke8 47. Rb7 Bd8 48.
Bxa5 Ra3 49. Bxb6 Bxb6 50. Rxb6 Rxa4 51. Rb8+ Ke7 52. Rb7+ Kf8 53. Rb8+ Kg7 54.
Rc8 Rxc4 55. Kg2 Rc1 56. Kf2 c4 57. Kg2 c3 58. Kh2 c2 59. Kg2 g5 60. hxg5 Kg6
61. Rc7 h4 62. g4 h3+ 63. Kh2 Rf1 64. f5+ Kxg5 65. Rxc2 Kxg4 66. fxe6 fxe6 67.
Ra2 Rf3 68. Re2 Kf4 69. Re1 Re3 70. Rf1+ Kxe5 71. Rf8 Ke4 72. Rd8 Rf3 73. Ra8 e5
74. Ra4+ Ke3 75. Ra3+ Kf4 76. Ra2 e4 77. Ra4 Kf5 78. Ra5+ Kg4 79. Ra2 e3 80. Kg1
Rf4 81. Ra8 e2 82. Ra1 Kg3 83. Ra3+ Rf3 0-1

[Event "WYCC U16 Open 2013"]
[Site "Al-Ain UAE"]
[Date "2013.12.24"]
[Round "8.43"]
[White "Abe, Mahiro"]
[Black "Pamatmat, Jarod M"]
[Result "1/2-1/2"]
[WhiteElo "2009"]
[BlackElo "2164"]
[WhiteFideId "7000235"]
[BlackFideId "2029685"]
[EventDate "2013.12.18"]

1. e4 e6 2. d4 d5 3. Nd2 Nc6 4. Ngf3 Nf6 5. e5 Nd7 6. Bb5 a6 7. Bxc6 bxc6 8. c4
dxc4 9. Nxc4 Nb6 10. b3 c5 11. Ba3 cxd4 12. Bxf8 Kxf8 13. Qxd4 Bb7 14. Nxb6 Qxd4
15. Nxd4 cxb6 16. O-O Ke7 17. Rac1 Rac8 18. f4 g6 19. Kf2 Rhd8 20. Rxc8 Rxc8 21.
Rd1 Bd5 22. Rd2 Rc5 1/2-1/2

[Event "WYCC U16 Open 2013"]
[Site "Al-Ain UAE"]
[Date "2013.12.24"]
[Round "8.44"]
[White "Rydstrom, Tom"]
[Black "Jumanov, Elbek"]
[Result "0-1"]
[WhiteElo "2156"]
[BlackElo "2019"]
[WhiteFideId "1714830"]
[BlackFideId "14202905"]
[EventDate "2013.12.18"]

1. e4 c5 2. Nf3 e6 3. d4 cxd4 4. Nxd4 Nf6 5. Nc3 d6 6. Be3 a6 7. f3 Be7 8. Qd2
b5 9. g4 Bb7 10. O-O-O Nc6 11. h4 O-O 12. g5 Nd7 13. Nxc6 Bxc6 14. h5 Ne5 15.
Be2 Rc8 16. a3 a5 17. Kb1 b4 18. axb4 axb4 19. Na2 Ra8 20. Nxb4 Qa5 21. c3 Ba4
22. Nc2 Bb3 23. Qd4 Rfb8 24. Kc1 Bxc2 25. Kxc2 Rxb2+ 26. Kxb2 Qa2+ 27. Kc1 Rb8
28. Qb4 Rxb4 29. cxb4 Qxe2 30. Bd2 Qc4+ 31. Kb2 Nd3+ 32. Ka3 Nf2 0-1

[Event "WYCC U16 Open 2013"]
[Site "Al-Ain UAE"]
[Date "2013.12.24"]
[Round "8.45"]
[White "Balaji, Ananthanarayanan"]
[Black "Petr, Jan2"]
[Result "0-1"]
[WhiteElo "1973"]
[BlackElo "2151"]
[WhiteFideId "421197"]
[BlackFideId "345784"]
[EventDate "2013.12.18"]

1. d4 Nf6 2. Nf3 g6 3. g3 Bg7 4. Bg2 O-O 5. O-O d6 6. c4 Nbd7 7. Nc3 e5 8. dxe5
dxe5 9. e4 Qe7 10. Qe2 c6 11. Rd1 Nc5 12. b3 Ne6 13. Bb2 Nd7 14. Na4 b6 15. Qd2
c5 16. Qd5 Rb8 17. Qd2 Nd4 18. Nc3 Bb7 19. Nd5 Bxd5 20. exd5 h6 21. Re1 Qd6 22.
Rad1 b5 23. Nxd4 exd4 24. b4 bxc4 25. bxc5 Qxc5 26. Bxd4 c3 27. Qf4 Bxd4 28.
Rxd4 Rfc8 29. Bh3 c2 30. Bxd7 Rb1 31. Re4 Rxe1+ 32. Rxe1 c1=Q 33. Rxc1 Qxc1+ 34.
Qxc1 Rxc1+ 35. Kg2 Kf8 36. Ba4 Ke7 37. h4 Kd6 38. Bb3 a5 39. Kf3 Re1 40. Kf4 Re5
41. Kg4 a4 42. f4 Re4 43. Bc2 Rc4 44. Bd3 Rc3 45. Bb5 Ra3 46. Be8 f5+ 47. Kh3
Rxa2 0-1

[Event "WYCC U16 Open 2013"]
[Site "Al-Ain UAE"]
[Date "2013.12.24"]
[Round "8.47"]
[White "Hui, Jeremy"]
[Black "Machan, Jan"]
[Result "0-1"]
[WhiteElo "1914"]
[BlackElo "2147"]
[WhiteFideId "2608987"]
[BlackFideId "334774"]
[EventDate "2013.12.18"]

1. e4 c5 2. Nf3 d6 3. Bb5+ Bd7 4. Bxd7+ Qxd7 5. c4 Nf6 6. Nc3 Nc6 7. d4 cxd4 8.
Nxd4 e6 9. O-O Be7 10. Be3 O-O 11. f3 a6 12. a4 Rac8 13. Rc1 Ne5 14. b3 Bd8 15.
Nde2 Ba5 16. Qd4 Bb4 17. Rfd1 Qe7 18. Kh1 Rxc4 19. bxc4 Bc5 20. Qd2 Nxc4 21. Qa2
Nxe3 22. Rd2 d5 23. exd5 Nexd5 24. Nxd5 Nxd5 25. Rdd1 Bd6 26. g3 Qf6 27. Qb3 h5
28. Qd3 h4 29. Rc4 hxg3 30. hxg3 g6 31. Kg2 Rd8 32. Kf2 b5 33. axb5 axb5 34.
Rcc1 b4 35. Rc4 Nc3 36. Nxc3 Bxg3+ 37. Kxg3 Rxd3 38. Rxd3 bxc3 39. Rcxc3 g5 40.
Rc4 Qe5+ 41. Kf2 Qh2+ 42. Ke3 Qg1+ 43. Ke2 Qh2+ 44. Ke3 Kg7 45. Rd2 Qg1+ 46. Ke2
Kg6 47. Re4 Qb6 48. Kf1 f5 49. Re5 Qc6 50. Kf2 Kf6 51. Rde2 Qd6 52. R5e3 Qd4 53.
Kg2 e5 54. Ra3 g4 55. Rae3 gxf3+ 56. Kxf3 e4+ 57. Kg2 Ke5 58. Kf1 Qd1+ 59. Kg2
Kd4 60. Kf2 Qh1 61. Ra3 Ke5 62. Rae3 Kf4 63. Ra3 Qc1 64. Rae3 Qc5 65. Re1 Qa7
66. Re2 Ke5 67. Kg2 Kd4 68. Kf2 Qc7 69. Rd2+ Ke5 70. Rde2 Qb6 71. Kg2 Qh6 72.
Kf2 Qh4+ 73. Kg2 Kd4 74. Ra3 Qg5+ 75. Kf2 Qf4+ 76. Kg2 Qg4+ 77. Kf2 Ke5 78. Rae3
Kf4 79. Ra3 Qh4+ 80. Kg2 Kg4 81. Rae3 f4 82. Rxe4 Qg3+ 83. Kf1 Qf3+ 84. Kg1 Qd3
85. Re8 Qd4+ 86. Kf1 Kf3 87. R8e7 Qd1+ 88. Re1 Qd3+ 89. R1e2 Qc4 90. Re8 Qa6 91.
Re5 Qa1+ 92. Re1 Qa2 93. R1e2 Qc4 94. Re8 Qa6 95. Re5 Kg3 96. Kg1 f3 97. R2e3
Qa1+ 98. Re1 f2+ 99. Kf1 fxe1=Q+ 100. Rxe1 Qa6+ 101. Kg1 Qb6+ 102. Kh1 Qc6+ 0-1